000
00265nam a2200097Ia 4500
008
120527s9999 xx 000 0 und d
100
_a
BOXALL, R.A
245
_a
A critical review of the methodology for assessing farm-level grain loss
260
_b
TDRI
942
_c
BK
999
_c
25148
_d
25148